| 000 | 01444nam a22003377a 4500 | ||
|---|---|---|---|
| 005 | 20210727152951.0 | ||
| 008 | 140606b2013 sp a|||g|||| 00| 01sspad | ||
| 020 | _a9789588787237 | ||
| 100 | 1 |
_aGay, Michael, _d1947- |
|
| 245 | 1 | 0 |
_aBibundé _cMichael Gay ; traducción Anna Coll-Vinent |
| 250 | _aEdición especial para el Ministerio de Cultura | ||
| 300 |
_a37 páginas _bilustraciones en color _c27 cm |
||
| 490 | _aBiblioteca del ratoncito Pérez | ||
| 490 | _aLeer es mi cuento | ||
| 520 | _aLa increíble historia del primer baño del más pequeño de los pingüinos. El famoso Bibundé, hijo único del Emperador y la Emperatriz de los pingüinos. | ||
| 521 | _aRecomendado para niños de 2 a 4 años | ||
| 534 | _tBiboundé | ||
| 650 | 1 | 4 |
_2LEMB _aCuentos infantiles franceses _ySiglo XX |
| 650 | 1 | 4 |
_2LEMB _aLiteratura infantil francesa _ySiglo XX |
| 650 | 1 | 4 |
_2LEMB _aPingüinos en la literatura |
| 650 | 1 | 4 |
_2LEMB _aFamilia en la literatura |
| 700 | 1 |
_aColl-Vinent, Anna _etraductor |
|
| 830 |
_aColección para la Primera Infancia del Ministerio de Cultura, Plan Nacional de Lectura y Escritura Leer es mi cuento, Primera Infancia 2013 _943924 |
||
| 942 |
_2loc _cBKINF |
||
| 264 |
_aBarcelona _aBogotá _bCoimbo _bNomos Impresores _c2013 |
||
| 336 |
_atexto _btxt _2rdacontent |
||
| 337 |
_asin mediación _bn _2rdamedia |
||
| 338 |
_avolumen _bnc _2rdacarrier |
||
| 040 |
_aCO-BoRNBP _bspa _erda _cCO-BoRNBP |
||
| 084 | _aC GAY1 | ||
| 999 |
_c71 _d71 |
||